| 000 | 01150cab a2200313 4500 | ||
|---|---|---|---|
| 001 | ABS56632 | ||
| 008 | 090401t1997 xxu||||| |||| 00| 0 eng d | ||
| 035 | _a(Sirsi) u24944 | ||
| 041 | _aeng | ||
| 100 | _aForbes, D. | ||
| 245 | _aProperty transactions: the bottom line | ||
| 260 | _c1997 | ||
| 350 | _a0 | ||
| 490 |
_aFacilities Management _v4(3) February 1997, 4-6(3) |
||
| 520 | _aProposes that real estate professionals advising on property transactions should familiarise clients with the effects of real estate decisions on their company`s cashflow and their return on assets to ensure that clients appreciate that property assets can add real value to their business. | ||
| 650 | _aBUSINESS PERFORMANCE | ||
| 650 | _aBUSINESS PLANS | ||
| 650 | _aCORPORATE PROPERTY | ||
| 650 | _aFINANCIAL ADVICE | ||
| 650 | _aLEASES | ||
| 650 | _aPROPERTY DECISIONS | ||
| 650 | _aPROPERTY PROFESSIONALS | ||
| 650 | _aPROPERTY SERVICES | ||
| 650 | _aPROPERTY TRANSACTIONS | ||
| 690 | _aPROPERTY-PROPERTY FINANCE AND INVESTMENT | ||
| 690 | _aMANAGEMENT-BUSINESS MANAGEMENT-PROFESSIONAL PRACTICE | ||
| 942 | _n0 | ||
| 948 | _c04/03/1997 | ||
| 999 |
_c16727 _d16727 |
||